000 00709nam a2200241Ia 4500
003 OSt
005 20220918215856.0
006 a|||||r|||| 00| 0
007 ta
008 220917b |||||||| |||| 00| 0 eng d
024 _a143,151
037 _cTextual
040 _aARTS
_cARTS
_beng
041 _2eng
_aeng
082 _aY15:4:5(T), N5
100 _aJejeebhoy Shireen J
_9135645
245 0 _aWomen's education autonomy and reproductive behaviour
_b Experience from developing countries
260 _aOxford
_bClarendon Press
_c1995
300 _axvii, 306p.
_ccm.
650 _aSOCIOLOGY
942 _hY15:4:5(T), N5
_cTEXL
_2CC
999 _c266104
_d266104